Normal view
MARC view
- Walder, Dennis
Entry Personal Name
001 - CONTROL NUMBER
- control field: 98567
003 - CONTROL NUMBER IDENTIFIER
- control field: NUST
005 - DATE AND TIME OF LATEST TRANSACTION
- control field: 20220829111638.0
008 - FIXED-LENGTH DATA ELEMENTS
- fixed length control field: 220829|| aca||aabn | a|a d
040 ## - CATALOGING SOURCE
- Original cataloging agency: NUST
- Transcribing agency: NUST
100 ## - HEADING--PERSONAL NAME
- Personal name: Walder, Dennis
670 ## - SOURCE DATA FOUND
- Source citation: Work cat.: (NUST)174555: Dickens, Charles, 1812-1870. 12180, Sketches by Boz /, 2004.
